Normal view MARC view

Entry Nombre personal

Number of records used in: 1

001 - NÚMERO DE CONTROL

  • campo de control: 31

003 - IDENTIFICADOR DE NÚMERO DE CONTROL

  • campo de control: DLC

005 - FECHA Y HORA DE LA ÚLTIMA TRANSACCIÓN

  • campo de control: 20260112110733.0

008 - ELEMENTOS DE DATO DE LONGITUD-FIJA

  • campo de control de longitud fija: 150205n| azannaabn |a aaa

010 ## - NÚMERO DE CONTROL DE LA BIBLIOTECA DEL CONGRESO

  • Número de control de LC: n 2015007940

040 ## - FUENTE DE CATALOGACIÓN

  • Centro catalogador/agencia de origen: DLC
  • Lengua de catalogación: eng
  • Normas de descripción: rda
  • Centro/agencia transcriptor: DLC

046 ## - FECHAS CON CODIFICACIÓN ESPECIAL

  • Fecha de nacimiento: 19240222
  • Fecha de la muerte: 1973

100 1# - ENCABEZAMIENTO-NOMBRE DE PERSONA

  • Nombre de persona: Fontana Iñiguez, Rodolfo,
  • Fechas asociadas al nombre: 1924-1973

370 ## - LUGAR ASOCIADO

  • Lugar de nacimiento: San Juan (Argentina : Province)
  • Lugar de fallecimiento: Córdoba (Argentina)
  • Fuente del término: naf

375 ## - GÉNERO/SEXO

  • Género: male

377 ## - IDIOMA ASOCIADO

  • Código del idioma: spa

400 1# - TRAZADO DE VÉASE--NOMBRE DE PERSONA

  • Nombre de persona: Iñiguez, Rodolfo Fontana,
  • Fechas asociadas al nombre: 1924-1973

670 ## - FUENTE DE DATOS ENCONTRADOS

  • Cita de la fuente: His Biografía del Coronel Luis Jorge Fontana, 2013:
  • Información encontrada: t.p. (Rodolfo Fontana Iñiguez) front flap (b. Feb. 22, 1924, San Juan; d. 1973, Córdoba)